[Event "Porto Alegre op"]
[Site "Porto Alegre"]
[Date "2017.11.26"]
[Round "5"]
[White "Grundler Siebel, Eduardo"]
[Black "Dos Santos, Guilherme Fortes"]
[Result "0-1"]
[WhiteElo "1714"]
[BlackElo "1745"]
[PlyCount "78"]
[EventDate "2017.11.24"]
[EventType "swiss"]
[EventRounds "5"]
[EventCountry "BRA"]
[SourceTitle "CBM 181 Extra"]
[Source "ChessBase"]
[SourceDate "2017.12.12"]
[SourceVersion "1"]
[SourceVersionDate "2017.12.12"]
[SourceQuality "1"]

1. e4 e5 2. Nf3 Nc6 3. c3 Nf6 4. d4 exd4 5. e5 Qe7 6. cxd4 d6 7. Bf4 Nh5 8. Qd2 Nxf4 9. Qxf4 g6 10. Bc4 Bg7 11. 0-0 0-0 12. Re1 dxe5 13. dxe5 Be6 14. Bb3 Rad8 15. Nc3 Rfe8 16. Ne4 Nxe5 17. Nxe5 Bxb3 18. axb3 Bxe5 19. Qf3 f5 20. Nc3 Qd6 21. g3 c6 22. Rad1 Qf6 23. Ne4 fxe4 24. Qxe4 Rxd1 25. Rxd1 Rf8 26. f4 Bxb2 27. Rd7 Rf7 28. Qe8+ Kg7 29. Rd8 Re7 30. Qh8+ Kh6 31. Qxf6 Bxf6 32. Rf8 Kg7 33. Rb8 c5 34. g4 h6 35. Rc8 Bd4+ 36. Kg2 b5 37. Rc6 a5 38. f5 gxf5 39. gxf5 Rf7 0-1

[Event "Porto Alegre op"]
[Site "Porto Alegre"]
[Date "2017.11.24"]
[Round "1"]
[White "Da Silva, Joao Carlos Orguim"]
[Black "Grundler Siebel, Eduardo"]
[Result "1-0"]
[WhiteElo "1785"]
[BlackElo "1714"]
[PlyCount "89"]
[EventDate "2017.11.24"]
[EventType "swiss"]
[EventRounds "5"]
[EventCountry "BRA"]
[SourceTitle "CBM 181 Extra"]
[Source "ChessBase"]
[SourceDate "2017.12.12"]
[SourceVersion "1"]
[SourceVersionDate "2017.12.12"]
[SourceQuality "1"]

1. d4 d5 2. c4 dxc4 3. Na3 Qd5 4. Qa4+ Nc6 5. e3 a6 6. Qxc4 e6 7. Qxd5 exd5 8. Nc2 Bf5 9. Kd1 Nf6 10. f3 Bd6 11. g4 Bg6 12. h4 h5 13. g5 Nd7 14. Ne2 Nb6 15. Nc3 Bf5 16. a3 0-0-0 17. Bh3 Bxh3 18. Rxh3 Rhe8 19. f4 g6 20. Ne1 Na5 21. Rb1 Re7 22. b3 Rde8 23. Nd3 c6 24. Rf3 Rc7 25. Nb4 Rf8 26. Bd2 Rd7 27. Nc2 c5 28. Nxd5 Nxd5 29. Bxa5 b6 30. Bd2 cxd4 31. Nxd4 Bxa3 32. b4 a5 33. bxa5 bxa5 34. Ke2 Re8 35. Bxa5 Bc5 36. Rc1 Kb7 37. Rxc5 Rd6 38. Bd2 Nb6 39. Kd3 Na4 40. Rc2 Ra8 41. Rf1 Nb6 42. Rb1 Ra3+ 43. Rc3 Rxc3+ 44. Bxc3 Kc7 45. Ba5 1-0